Introduction to health economics / (Record no. 13513)
[ view plain ]
| 000 -LEADER | |
|---|---|
| fixed length control field | 00520nam a22001817a 4500 |
| 003 - CONTROL NUMBER IDENTIFIER | |
| control field | OSt |
| 005 - DATE AND TIME OF LATEST TRANSACTION | |
| control field | 20140310182440.0 |
| 008 - FIXED-LENGTH DATA ELEMENTS--GENERAL INFORMATION | |
| fixed length control field | 130402t xxu||||| |||| 00| 0 eng d |
| 020 ## - INTERNATIONAL STANDARD BOOK NUMBER | |
| International Standard Book Number | 9710870920 |
| 050 ## - LIBRARY OF CONGRESS CALL NUMBER | |
| Classification number | RA 410 |
| Item number | .G287 2010 |
| 100 ## - MAIN ENTRY--PERSONAL NAME | |
| Personal name | Geniblazo, Arturo D. |
| 9 (RLIN) | 7315 |
| 245 ## - TITLE STATEMENT | |
| Title | Introduction to health economics / |
| Statement of responsibility, etc | Arturo D. Geniblazo. |
| 260 ## - PUBLICATION, DISTRIBUTION, ETC. (IMPRINT) | |
| Place of publication, distribution, etc | Mandaluyong City: |
| Name of publisher, distributor, etc | National Book Store, |
| Date of publication, distribution, etc | c2010. |
| 300 ## - PHYSICAL DESCRIPTION | |
| Extent | 180 p. : |
| Dimensions | 22 cm. |
| 650 ## - SUBJECT ADDED ENTRY--TOPICAL TERM | |
| Topical term or geographic name as entry element | Health Economics. |
| 9 (RLIN) | 7873 |
| 942 ## - ADDED ENTRY ELEMENTS (KOHA) | |
| Source of classification or shelving scheme | Library of Congress Classification |
| Koha item type | |
| Withdrawn status | Lost status | Source of classification or shelving scheme | Damaged status | Home library | Current library | Shelving location | Date acquired | Total Checkouts | Total Renewals | Full call number | Barcode | Date last seen | Date checked out | Copy number | Price effective from | Koha item type |
|---|---|---|---|---|---|---|---|---|---|---|---|---|---|---|---|---|
| Library of Congress Classification | South SEED-LPDH College Library | South SEED-LPDH College Library | South SEED-LPDH College Section | 04/02/2013 | 1 | 7 | RA 410 .G287 2010 | SSLC1139 | 05/15/2018 | 02/02/2015 | 1 | 11/06/2013 | Books |